| 000 | 00883nam a22002297a 4500 | ||
|---|---|---|---|
| 999 |
_c12149 _d12149 |
||
| 003 | AR-CdUCM | ||
| 008 | 190408b ||||| |||| 00| 0 spa d | ||
| 040 |
_aMUNICIPALIDAD PROVINCIAL DEL CUSCO _cBIBLIOTECA MUNICIPAL DEL CUSCO |
||
| 082 |
_aES / 082 / _bSA157 |
||
| 100 |
_aSainz Pardo, Manuel _928422 |
||
| 245 | _aJuega y Construye / | ||
| 260 |
_aMadrid : _bEdiciones Altea, _c1977. |
||
| 300 |
_a117 páginas ; _bIlustraciones, _c20 cm. |
||
| 440 |
_aEnciclopedia de formación laboral _927336 |
||
| 500 | _aEBR formación laboral | ||
| 505 | _aContenido: El pequeño bazar -- Pepas de aceituna y cereza -- Semillas de algarroba, chirimoya y sandia -- También las nueces -- Utilidad de los cocos... | ||
| 650 |
_aMinisterio de educación Perú _929848 |
||
| 650 |
_aEBR _929849 |
||
| 650 |
_aFormación laboral _929850 |
||
| 942 |
_2ddc _cLIBROS |
||
| 945 |
_adavv _d08/04/2019 |
||